| 000 | 02348cam a2200457Mi 4500 | ||
|---|---|---|---|
| 003 | PE-LiUPU | ||
| 005 | 20250731183345.0 | ||
| 008 | 140509s2013 pe a b 000 0 spa d | ||
| 035 | _a(Sirsi) a157374 | ||
| 040 |
_aH7K _bspa _erda _cH7K _dFUG _dOCLCQ _dPE-LiUPU |
||
| 049 | _aPRUA | ||
| 082 | 0 | 4 |
_a711 _bM86 _223 |
| 100 | 1 |
_aMorgan, Sebastián, _d1973-, _eautor. |
|
| 245 | 1 | 0 |
_aProyecto barrio : _bLa calle para todos / _c[textos Sebastián Solari Morgan ; edicion de textos Claudine Gruenberg]. |
| 250 | _aInurritegui]. | ||
| 264 | 1 |
_aLima, Perú : _bEdiciones Arteta, _c2013. |
|
| 300 |
_a155 páginas : _billustraciones ; _c24 centímetros. |
||
| 336 |
_atext _btxt _2rdacontent |
||
| 337 |
_aunmediated _bn _2rdamedia |
||
| 338 |
_avolume _bnc _2rdacarrier |
||
| 504 | _aBibliografía : páginas 147-151. | ||
| 505 | 8 | _aIntroducción. Proyecto Barrio -- Las calles y plazas reforestadas -- Barrio de los Santos -- Barrio de los Incas -- Prácticas culturales -- Arboricultura urbana -- Arte y festividades -- Zonificación -- Zona de tráfico calmado -- La ventana -- Denuncias. | |
| 526 | _aP158 | ||
| 526 | _aP146 | ||
| 526 | _aP17 | ||
| 526 | _aP12 | ||
| 526 | _aP06 | ||
| 541 | _g003-001194; | ||
| 650 | 0 |
_aLa planificación urbana _zPeru _zBarranco _xParticipacion ciudadana. |
|
| 650 | 0 |
_aDesarrollo comunitario _zPeru _zBarranco. |
|
| 650 | 0 |
_aOpen spaces _zPeru _zBarranco. |
|
| 650 | 0 |
_aTrabajos públicos _zPeru _zBarranco _xParticipacion ciudadana. |
|
| 650 | 0 |
_aLas áreas de recreación _zPeru _zBarranco. |
|
| 942 |
_2ddc _cBOOK |
||
| 949 |
_a711 G81 _wDEWEY _c1 _i73891 _lCCODEBUL1 _mBUL _p19.80 _r0 _sY _tBOOK _u2016-06-20 _xINGENIERIA _PP06 _0COMPRA _o.STAFF. Colección General |
||
| 949 |
_a711 G81 _wDEWEY _c2 _i73892 _lCCODEBUL1 _mBUL _p19.80 _r0 _sY _tBOOK _u2016-06-20 _xINGENIERIA _PP06 _0COMPRA _o.STAFF. Colección General |
||
| 994 |
_aC0 _bPEPRU |
||
| 596 | _a1 | ||
| 999 |
_a711 G81 _wDEWEY _c10046 _i73891 _d10046 _e2019-8-14 _f2021-11-9 _g7 _lCCODEBUL1 _mBUL _n4 _p19.80 _q3 _r0 _sY _tBOOK _u2016-6-20 _xINGENIERIA _PP06 _0COMPRA _o.STAFF. Colección General |
||
| 999 |
_a711 G81 _wDEWEY _c2 _i73892 _d2018-8-14 _e2018-4-15 _f2021-11-9 _g7 _lCCODEBUL1 _mBUL _n6 _p19.80 _q1 _r0 _sY _tBOOK _u2016-6-20 _xINGENIERIA _PP06 _0COMPRA _o.STAFF. Colección General |
||
| 980 |
_81 _gALBERTO SANCHEZ Responsable de Automatización |
||